000 00724nam a2200229Ia 4500
003 OSt
005 20220925235726.0
006 a|||||r|||| 00| 0
007 ta
008 220923b |||||||| |||| 00| 0 eng d
020 _a9789351451495
_c463.25
037 _bCBS/323, 05/03/2015, CLASSIC BOOKS SERVICES
_cGeneral Book
040 _aRTL
_cRTL
_beng
041 _2eng
_aeng
082 _aX:(Z,2674), Q5
100 _aVERKEY Elizabeth
_9294616
245 0 _aIntellectual property.
260 _a New Delhi
_bEastern Book Company
_c2015
300 _alxiv,632
_ccm.
942 _hX:(Z,2674), Q5
_cGB
_2CC
999 _c597809
_d597809